Detalles MARC
| 000 -LÍDER |
| Campo fijo de descripción fija |
01108aam a2200325 i 4500 |
| 001 - NÚMERO DE CONTROL |
| Campo de control |
768714001 |
| 003 - IDENTIFICADOR DEL NÚMERO DE CONTROL |
| Campo de control |
CO-MdFUSB |
| 005 - FECHA Y HORA DE LA ULTIMA TRANSACCIÓN |
| control field |
20230208155606.0 |
| 007 - CAMPO FIJO DE DESCRIPCIÓN FIJA--INFORMACIÓN GENERAL |
| Campo fijo de descripción fija |
ta |
| 008 - ELEMENTOS DE LONGITUD FIJA -- INFORMACIÓN GENERAL |
| Campo fijo de descripción fija -- Información general |
160531t1990 is f |||| 00| 0 eng d |
| 020 ## - NÚMERO INTERNACIONAL NORMALIZADO PARA LIBROS |
| Número Internacional Normalizado del libro |
9651701927 |
| 040 ## - FUENTE DE CATALOGACIÓN |
| Agencia de catalogación original |
CO-MdFUSB |
| Idioma de catalogación |
Español |
| Agencia que realiza la transcripción |
CO-MdFUSB |
| Agencia que realiza la modificación |
CO-MdFUSB |
| Convenciones de la descripción |
rda |
| 041 0# - CÓDIGO DE IDIOMA |
| Código de idioma para texto/pista de sonido o título separado |
eng |
| 082 04 - NÚMERO DE CLASIFICACIÓN DECIMAL DEWEY |
| Número de clasificación |
221.2 |
| Número de la edición del Dewey |
23 |
| Clave de autor-Numero de item |
E931n |
| 245 10 - TÍTULO |
| Título del Material |
A new concordance of the Bible |
| Parte restante del título - Subtitulo |
: theasaurus of the languaje of the Bible hebrew and aramaic roots, words, proper names phrases and synonyms |
| Mención de responsabilidad, etc. |
/ editado por Abraham Even-Shoshan |
| 264 #1 - PRODUCCIÓN, PUBLICACIÓN, DISTRIBUCIÓN, MANUFACTURA, Y COPYRIGHT |
| Lugar de producción, publicación, distribución, manufactura |
Jerusalem |
| Nombre del productor, publicador, distribuidor |
: Kiryat Sefer, |
| Fecha de producción, publicación, distribución, manufactura, o copyright |
[1990] |
| 264 #4 - PRODUCCIÓN, PUBLICACIÓN, DISTRIBUCIÓN, MANUFACTURA, Y COPYRIGHT |
| Fecha de producción, publicación, distribución, manufactura, o copyright |
© 1990 |
| 300 ## - DESCRIPCIÓN FÍSICA |
| Extensión |
1242 páginas |
| Dimensiones |
; 28 cm |
| 336 ## - TIPO DE CONTENIDO |
| Fuente |
rdacontent |
| Término de tipo de contenido |
texto |
| Código de tipo de contenido |
txt |
| 337 ## - TIPO DE MEDIO |
| Fuente |
rdamedia |
| Nombre del tipo de medio |
sin mediación |
| Código del tipo de medio |
n |
| 338 ## - TIPO DE SOPORTE |
| Fuente |
rdacarrier |
| Nombre del tipo de soporte |
volumen |
| Código Tipo de soporte |
nc |
| 505 ## - NOTA DE CONTENIDO |
| Nota de contenido con formato preestablecido |
Concordancia del Antiguo Testamento |
| 563 ## - NOTA DE ENCUADERNACIÓN |
| Nota de encuadernación |
Pasta dura |
| 650 #0 - ASIENTO SECUNDARIO DE MATERIA - TERMINO TEMÁTICO |
| 9 (RLIN) |
16 |
| Término temático o nombre geográfico como elemento de entrada |
Biblia |
| 653 ## - TÉRMINO DE INDIZACIÓN - NO CONTROLADO |
| Término no controlado |
- HEBREO |
| -- |
BIBLIA. A.T. |
| -- |
- TEXTOS ORIGINALES |
| -- |
- CONCORDANCIAS |
| 700 ## - ASIENTO SECUNDARIO - NOMBRE PERSONAL |
| 9 (RLIN) |
7822 |
| Nombre personal |
Even-Shoshan, Abraham, |
| Responsabilidad |
editor |
| 942 ## - TIPO DE MATERIAL (KOHA) |
| Tipo de Item KOHA |
Libros General |
| 945 ## - INFORMACIÓN LOCAL DEL REGISTRO |
| Catalogador |
JTF-925 |